اوربا فى مواجهة الجنوب :العلاقات مع العالمين العربى والفريقى / (Record no. 44433)
[ view plain ]
| 000 -الفاتح | |
|---|---|
| حقل البيانات ثابتة الطول | 00884nam a2200241Ia 4500 |
| 005 - وقت وتاريخ اخر تعامل مع التسجيلة | |
| رقم الضبط | 20240530104055.0 |
| 008 - عناصر البيانات ثابتة الطول - معلومات عامة | |
| حقل البيانات ثابتة الطول | 140319s9999 xx 000 0 ara d |
| 040 ## - مصدر الفهرسة | |
| وكالة الفهرسة الأصلية | GCL / |
| وكالة النسخ | GCL |
| 082 04 - رقم تصنيف ديوى العشرى | |
| رقم التصنيف | 327.1011 |
| رقم المادة | خ ا |
| 100 1# - المدخل الرئيسى - إسم شخصى | |
| الإسم الشخصى | خضر ، بشارة |
| 245 10 - بيان العنوان | |
| العنوان | اوربا فى مواجهة الجنوب :العلاقات مع العالمين العربى والفريقى / |
| بيان المسئوليه,etc | خضر بشارة ( واخ ... ) ؛ سمير امين (تقديم) |
| 300 ## - الوصف المادى | |
| التعداد | 304 ص. ؛ |
| أبعاد الوعاء | 20 سم. |
| 490 ## - بيان السلسلة | |
| عنوان السلسلة | سلسلة المتوسط فى السياسة الدولية |
| رقم المجلد/ التعيين التسلسلي | 0 |
| 650 04 - المدخل الاضافى بالموضوع-مصطلح موضوعى | |
| مصطلح موضوعي | العالم العربى |
| 650 04 - المدخل الاضافى بالموضوع-مصطلح موضوعى | |
| مصطلح موضوعي | السياسة الدولية |
| 650 04 - المدخل الاضافى بالموضوع-مصطلح موضوعى | |
| مصطلح موضوعي | التنمية الاقتصادية |
| 650 04 - المدخل الاضافى بالموضوع-مصطلح موضوعى | |
| مصطلح موضوعي | العلاقات الخارجية |
| 650 04 - المدخل الاضافى بالموضوع-مصطلح موضوعى | |
| مصطلح موضوعي | اوربا |
| 700 1# - المدخل الاضافى - اسم شخصى | |
| الإسم الشخصى | اديب نعمة |
| 700 1# - المدخل الاضافى - اسم شخصى | |
| الإسم الشخصى | كابرون، ميشال |
| 942 ## - عناصر المدخل الإضافي( كوها) | |
| مصدر التصنيف او مخطط الترفيف | Dewey Decimal Classification |
| Koha [default] item type | كتاب |
| حالة التراجع | حالة الفقد | حالة تلف | ليس للاعارة | المكان المؤقت | الموقع الحالى | تاريخ الاكتساب | اجمالي اﻻعارات | رقم الطلب | الباركود | تاريخ اخر مشاهدة | تاريخ تفعيل السعر | نوع وعاء كوها |
|---|---|---|---|---|---|---|---|---|---|---|---|---|
| مكتبة القاهرة الكبرى | مكتبة القاهرة الكبرى | 03/26/2014 | 327.1011\خ أ | 108362 | 03/26/2014 | 03/26/2014 | كتاب | |||||
| مكتبة القاهرة الكبرى | مكتبة القاهرة الكبرى | 03/26/2014 | 327.1011\خ أ | 108363 | 03/26/2014 | 03/26/2014 | كتاب | |||||
| مكتبة القاهرة الكبرى | مكتبة القاهرة الكبرى | 03/26/2014 | 327.1011\خ أ | 108364 | 03/26/2014 | 03/26/2014 | كتاب |

